MARC details
| 000 -LEADER |
| fixed length control field |
01313cam a2200349 i 4500 |
| 001 - CONTROL NUMBER |
| control field |
200446640 |
| 003 - CONTROL NUMBER IDENTIFIER |
| control field |
TR-AnTOB |
| 005 - DATE AND TIME OF LATEST TRANSACTION |
| control field |
20240826144952.0 |
| 007 - PHYSICAL DESCRIPTION FIXED FIELD--GENERAL INFORMATION |
| fixed length control field |
ta |
| 008 - FIXED-LENGTH DATA ELEMENTS--GENERAL INFORMATION |
| fixed length control field |
200103s2012 tu 000 0 tur d |
| 020 ## - INTERNATIONAL STANDARD BOOK NUMBER |
| International Standard Book Number |
9786058940147 |
| 040 ## - CATALOGING SOURCE |
| Original cataloging agency |
BGZ |
| Language of cataloging |
eng |
| Description conventions |
rda |
| Transcribing agency |
BGZ |
| Modifying agency |
TR-AnTOB |
| 041 0# - LANGUAGE CODE |
| Language code of text/sound track or separate title |
Türkçe |
| 050 14 - LIBRARY OF CONGRESS CALL NUMBER |
| Classification number |
PL210.C58 |
| Item number |
Ş44 2012 |
| 090 ## - LOCALLY ASSIGNED LC-TYPE CALL NUMBER (OCLC); LOCAL CALL NUMBER (RLIN) |
| Classification number (OCLC) (R) ; Classification number, CALL (RLIN) (NR) |
PL210.C58 |
| Local cutter number (OCLC) ; Book number/undivided call number, CALL (RLIN) |
Ş44 2012 |
| 245 00 - TITLE STATEMENT |
| Title |
Şehir ve korku : |
| Remainder of title |
İTEF - 2012 İstanbul Tanpınar edebiyat festivali / |
| Statement of responsibility, etc. |
Fatma Cihan Akkartal editörlüğünde ; yayına hazırlayanlar Beril Akyürek, Ezgi Hamzaçebi, Tuğba Tüysüz. |
| 246 3# - VARYING FORM OF TITLE |
| Title proper/short title |
İTEF - 2012 İstanbul Tanpınar edebiyat festivali |
|
| Title proper/short title |
İstanbul Tanpınar edebiyat festivali |
| 250 ## - EDITION STATEMENT |
| Edition statement |
1. Baskı: Kasım 2012. |
| 264 #1 - PRODUCTION, PUBLICATION, DISTRIBUTION, MANUFACTURE, AND COPYRIGHT NOTICE |
| Place of production, publication, distribution, manufacture |
İstanbul : |
| Name of producer, publisher, distributor, manufacturer |
İstanbul Tanpınar edebiyat festivali yayınları, |
| Date of production, publication, distribution, manufacture, or copyright notice |
2012. |
| 300 ## - PHYSICAL DESCRIPTION |
| Extent |
204 pages : |
| Dimensions |
21 cm |
| 336 ## - CONTENT TYPE |
| Content type term |
text |
| Source |
rdacontent |
| Content type code |
txt |
| 337 ## - MEDIA TYPE |
| Media type term |
unmediated |
| Source |
rdamedia |
| Media type code |
n |
| 338 ## - CARRIER TYPE |
| Carrier type term |
volume |
| Source |
rdacarrier |
| Carrier type code |
nc |
| 490 0# - SERIES STATEMENT |
| Series statement |
İstanbul Tanpınar edebiyat festivali yayınları ; |
| Volume/sequential designation |
3 |
| 650 #7 - SUBJECT ADDED ENTRY--TOPICAL TERM |
| Topical term or geographic name entry element |
Kentler ve kasabalar, Edebiyatta |
| Source of heading or term |
etuturkob |
| 9 (RLIN) |
135120 |
| 700 1# - ADDED ENTRY--PERSONAL NAME |
| Personal name |
Cihan Akkartal, Fatma |
| Relator term |
editor |
| 9 (RLIN) |
135117 |
|
| Personal name |
Akyürek, Beril |
| Relator term |
editor |
| 9 (RLIN) |
135118 |
|
| Personal name |
Tüysüz, Tuğba |
| 9 (RLIN) |
135119 |
| 942 ## - ADDED ENTRY ELEMENTS (KOHA) |
| Source of classification or shelving scheme |
Library of Congress Classification |
| Koha item type |
Book |